000 00589cam a2200181 4500
001 D8836
008 090401t1984 xxu||||| |||| 00| 0 eng d
035 _a(Sirsi) u15680
041 _aeng
050 _a658.202
110 _aSociety of Chief Quantity Surveyors in Local Government
_93033
245 _aLife cycle cost planning: a guide to life cycle costing and financial appraisal of local authority property and new construction ...
260 _aLondon
_bSociety of Chief Quantity Surveyors in L
_c1984
300 _a89p. 30cm
350 _a10
942 _n0
948 _c04/03/1997
999 _c87297
_d87297